| 000 | 00723cam a2200217 a 4500 | ||
|---|---|---|---|
| 001 | 13478615 | ||
| 005 | 20180226033539.0 | ||
| 008 | 040203s2005 nyua 001 0 eng | ||
| 010 | _a 2004002208 | ||
| 020 | _a0131892215 | ||
| 040 |
_aDLC _cDLC _dDLC |
||
| 041 | _aeng | ||
| 080 | _a428.24 ANN | ||
| 082 | 0 | 0 |
_a428.24 ANN _222 |
| 100 | 1 | _a25 | |
| 101 | _aEDU | ||
| 245 | 1 | 0 |
_aKeys to learning : _cAnna Uhl Chamot, Catharine W. Keatley, Kristina Anstrom. |
| 906 |
_a7 _bcbc _corignew _d1 _eecip _f20 _gy-gencatlg |
||
| 942 |
_2ddc _cBK |
||
| 999 |
_c43392 _d43392 |
||